Геном: автобиография вида в 23 главах; пер. с англ.

Detalles Bibliográficos
Autor Principal: Ридли М. Мэтт
Summary:Стремительное развитие генетики в последние два десятилетия называют не иначе как революцией. Начиная с 1990-х годов, когда в практику вошли принципиально новые методы исследований ДНК, каждый год приносит больше открытий, чем было сделано за все предыдущие годы, начиная со старины Менделя. Генетика развивается столь стремительно, что уследить за тем, как изменяются наши представления о фундаментальных основах жизни и наследственности, не успевает не только широкая публика, но и специалисты. Это порождает массу слухов и домыслов о страшных мутантах, которых коварные ученые штампуют в своих лабораториях, тогда как поразительные открытия новых методов диагностики и лечения генетических заболеваний, включая рак, остаются незамеченными или непонятыми. Книга Мэтта Ридли очень актуальна. Просто и доступно автор представил историю генетики от первых догадок до ошеломляющего прорыва, начавшегося с открытия структуры ДНК Уотсоном и Криком. На английском языке книга вышла в свет в конце 1999 года, в канун нового тысячелетия. Но эта книга по-прежнему занимает топовые позиции в рейтингах продаж по всему миру. В ней есть то, что не устаревает: дух научных открытий и история генетики, представленная со всем драматизмом споров, дискуссий, озарений одних ученых и черной завистью других.
Idioma:ruso
Publicado: Москва, Эксмо, 2008
Series:Открытия, которые потрясли мир
Subjects:
Formato: Libro
KOHA link:https://koha.lib.tpu.ru/cgi-bin/koha/opac-detail.pl?biblionumber=155946

MARC

LEADER 00000nam0a2200000 4500
001 155946
005 20231101221854.0
010 |a 9785699306824 
035 |a (RuTPU)RU\TPU\book\169135 
090 |a 155946 
100 |a 20090320d2008 km y0rusy50 ca 
101 1 |a rus  |c eng 
102 |a RU 
105 |a y z 001zy 
200 1 |a Геном  |e автобиография вида в 23 главах  |e пер. с англ.  |f М. Ридли 
210 |a Москва  |c Эксмо  |d 2008 
215 |a 428 с. 
225 1 |a Открытия, которые потрясли мир 
320 |a Предметно-именной указатель: с. 419-427. 
330 |a Стремительное развитие генетики в последние два десятилетия называют не иначе как революцией. Начиная с 1990-х годов, когда в практику вошли принципиально новые методы исследований ДНК, каждый год приносит больше открытий, чем было сделано за все предыдущие годы, начиная со старины Менделя. Генетика развивается столь стремительно, что уследить за тем, как изменяются наши представления о фундаментальных основах жизни и наследственности, не успевает не только широкая публика, но и специалисты. Это порождает массу слухов и домыслов о страшных мутантах, которых коварные ученые штампуют в своих лабораториях, тогда как поразительные открытия новых методов диагностики и лечения генетических заболеваний, включая рак, остаются незамеченными или непонятыми. Книга Мэтта Ридли очень актуальна. Просто и доступно автор представил историю генетики от первых догадок до ошеломляющего прорыва, начавшегося с открытия структуры ДНК Уотсоном и Криком. На английском языке книга вышла в свет в конце 1999 года, в канун нового тысячелетия. Но эта книга по-прежнему занимает топовые позиции в рейтингах продаж по всему миру. В ней есть то, что не устаревает: дух научных открытий и история генетики, представленная со всем драматизмом споров, дискуссий, озарений одних ученых и черной завистью других. 
606 1 |a Генетика  |2 stltpush  |3 (RuTPU)RU\TPU\subj\5872  |9 33860 
610 1 |a история 
610 1 |a жизнь 
610 1 |a душа 
610 1 |a открытия 
610 1 |a окружающая среда 
610 1 |a одаренность 
610 1 |a инстинкт 
610 1 |a хромосомы 
610 1 |a болезни 
610 1 |a стрессы 
610 1 |a индивидуальность 
610 1 |a индивидуальное развитие 
610 1 |a бессмертие 
610 1 |a память 
610 1 |a термины 
675 |a 575  |v 3 
700 1 |a Ридли  |b М.  |g Мэтт 
801 2 |a RU  |b 63413507  |c 20090331  |g PSBO 
942 |c BK